Welcome to WEB OPAC of MRSPTU Central Library

Business environment text and cases (Record no. 5944)

MARC details
000 -LEADER
fixed length control field 00439nam a2200169Ia 4500
008 - FIXED-LENGTH DATA ELEMENTS--GENERAL INFORMATION
fixed length control field 230711s9999||||xx |||||||||||||| ||und||
020 ## - INTERNATIONAL STANDARD BOOK NUMBER
International Standard Book Number 978-93-5262-261-0
041 ## - LANGUAGE CODE
Language code of text/sound track or separate title ENG
082 ## - DEWEY DECIMAL CLASSIFICATION NUMBER
Classification number 650
Item number CH-B
100 ## - MAIN ENTRY--PERSONAL NAME
Personal name Cherunilam,Francis
245 #0 - TITLE STATEMENT
Title Business environment text and cases
250 ## - EDITION STATEMENT
Edition statement 25th/R Ed.
260 ## - PUBLICATION, DISTRIBUTION, ETC.
Date of publication, distribution, etc. 2016
Place of publication, distribution, etc. Mumbai
Name of publisher, distributor, etc. Himalaya Publishing House
300 ## - PHYSICAL DESCRIPTION
Extent 781p.
650 ## - SUBJECT ADDED ENTRY--TOPICAL TERM
Topical term or geographic name entry element UNIVESITY BUSNIESS SCHOOL
942 ## - ADDED ENTRY ELEMENTS (KOHA)
Koha item type Book
Holdings
Withdrawn status Lost status Damaged status Not for loan Collection Home library Current library Date acquired Cost, normal purchase price Inventory number Total checkouts Full call number Barcode Date last seen Price effective from Koha item type Date last checked out
          MRSPTU Central Library MRSPTU Central Library   650.00 842483   650 CH-B 32040 08/17/2023 08/17/2023 Book  
          MRSPTU Central Library MRSPTU Central Library   650.00 842483   650 CH-B 32041 08/17/2023 08/17/2023 Book  
          MRSPTU Central Library MRSPTU Central Library   650.00 842483   650 CH-B 32042 08/17/2023 08/17/2023 Book  
          MRSPTU Central Library MRSPTU Central Library         650 CH-B 38036 08/17/2023 08/17/2023 Book  
          MRSPTU Central Library MRSPTU Central Library         650 CH-B 38037 09/04/2023 08/17/2023 Book  
          MRSPTU Central Library MRSPTU Central Library         650 CH-B 38038 08/17/2023 08/17/2023 Book  
          MRSPTU Central Library MRSPTU Central Library         650 CH-B 38039 08/17/2023 08/17/2023 Book  
          MRSPTU Central Library MRSPTU Central Library         650 CH-B 38040 08/17/2023 08/17/2023 Book  
          MRSPTU Central Library MRSPTU Central Library         650 CH-B 38041 08/17/2023 08/17/2023 Book  
          MRSPTU Central Library MRSPTU Central Library         650 CH-B 38042 08/17/2023 08/17/2023 Book  
          MRSPTU Central Library MRSPTU Central Library         650 CH-B 38043 08/17/2023 08/17/2023 Book  
          MRSPTU Central Library MRSPTU Central Library         650 CH-B 38044 08/17/2023 08/17/2023 Book  
          MRSPTU Central Library MRSPTU Central Library       1 650 CH-B 38045 01/09/2026 08/17/2023 Book 12/23/2025

Website Designed and Developed by MRSPTU Central Library Team

E-mail Id: librarian@mrsptu.ac.in